00653nam a2200133 a 450000100100000000500170001000800410002704000250006824502370009326000960033030000280042650000250045470000400047900003824120240314193807.0130405s2007 dr 000 0 spa d aDO-SdBNPbspacBNPHU00aLey No. 136-03 :bcódigo para el sistema de protección y los derechos fundamentales de niños, niñas y adolescentes, incluye las modificaciones de la ley 52-07 del 23 de abril de 2007 /ccoordinador Alejandro Moscoso Segarra. aSanto Domingo :bComisionado de Apoyo a la Reforma y Modernización de la Justicia,c2007. a189 p. :bil. ;c23 cm. aGaceta oficial 102341 aMoscoso Segarra, Alejandro Ad1964-